ARRUPE JESUIT UNIVERSITY

CORONAVIRUS -STOP THE SPREAD - CLEAN,DISINFECT,COVER

The Abacha years : (Record no. 58533)

MARC details
000 -LEADER
fixed length control field 01025cam a2200277 a 4500
001 - CONTROL NUMBER
control field 12664912
003 - CONTROL NUMBER IDENTIFIER
control field ARRUPE
005 - DATE AND TIME OF LATEST TRANSACTION
control field 20170612102950.0
008 - FIXED-LENGTH DATA ELEMENTS--GENERAL INFORMATION
fixed length control field 020201s2000 nr 001 0 eng d
010 ## - LIBRARY OF CONGRESS CONTROL NUMBER
LC control number 2002316579
020 ## - INTERNATIONAL STANDARD BOOK NUMBER
Cancelled/invalid ISBN 3783001410
035 ## - SYSTEM CONTROL NUMBER
System control number (OCoLC)ocm49411668
040 ## - CATALOGING SOURCE
Original cataloging agency EQO
Transcribing agency EQO
Modifying agency DLC
042 ## - AUTHENTICATION CODE
Authentication code lccopycat
043 ## - GEOGRAPHIC AREA CODE
Geographic area code f-nr---
050 00 - LIBRARY OF CONGRESS CALL NUMBER
Classification number DT515.842
Item number .B343 2000
300 ## - PHYSICAL DESCRIPTION
Dimensions 23 cm.
100 1# - MAIN ENTRY--PERSONAL NAME
Personal name Babatope, Ebenezer.
9 (RLIN) 32533
245 14 - TITLE STATEMENT
Title The Abacha years :
Remainder of title what went wrong? /
Statement of responsibility, etc by Ebenezer Babatope.
260 ## - PUBLICATION, DISTRIBUTION, ETC. (IMPRINT)
Place of publication, distribution, etc Lagos, Nigeria :
Name of publisher, distributor, etc Ebino Topsy,
Date of publication, distribution, etc 2000.
300 ## - PHYSICAL DESCRIPTION
Extent xvi, 218 p. ;
500 ## - GENERAL NOTE
General note Includes index.
600 10 - SUBJECT ADDED ENTRY--PERSONAL NAME
Personal name Abacha, Sani.
9 (RLIN) 32534
651 #0 - SUBJECT ADDED ENTRY--GEOGRAPHIC NAME
Geographic name Nigeria
General subdivision Politics and government
Chronological subdivision 1993-2007.
9 (RLIN) 13505
906 ## - LOCAL DATA ELEMENT F, LDF (RLIN)
a 7
b cbc
c copycat
d 3
e ncip
f 20
g y-gencatlg
942 ## - ADDED ENTRY ELEMENTS (KOHA)
Source of classification or shelving scheme Library of Congress Classification
Koha item type Monograph ( Printed materials)
Holdings
Withdrawn status Lost status Source of classification or shelving scheme Damaged status Not for loan Collection code Home library Current library Shelving location Date acquired Total Checkouts Full call number Barcode Date last seen Date checked out Copy number Price effective from Koha item type
    Library of Congress Classification     Main Collection ARRUPE LIBRARY ARRUPE LIBRARY   05/03/2013 1 DT515.842B343 2000 46003089656 21/11/2022 07/11/2022 1 05/03/2013 Monograph ( Printed materials)
    Library of Congress Classification     Main Collection ARRUPE LIBRARY ARRUPE LIBRARY   05/03/2013 1 DT515.842B343 2000 46003089659 07/12/2017 03/10/2017 2 05/03/2013 Monograph ( Printed materials)

 

Arrupe Library. PO Box MP320 Mt Pleasant, Harare, Zimbabwe
263 242 745411|librarian@aju.ac.zw